<Le> Travail Humain Psychologie - Physiologie - Ergonomie

Na minha lista:
Detalhes bibliográficos
Formato: Periódico
Idioma:francês
Publicado em: Paris Presses Universitaires de France 1983
Tags: Adicionar Tag
Sem tags, seja o primeiro a adicionar uma tag!

MARC

LEADER 00000nas2a22000001 4500
001 s121182
005 20250730114206.3
041 0 |a fre 
044 |a FR 
245 1 0 |a <Le> Travail Humain  |b Psychologie - Physiologie - Ergonomie 
264 1 |a Paris  |b Presses Universitaires de France  |c 1983 
300 |a 1 zv.